• Romano Umberto

di Personal Name

Records bibliografici associati: 1

001 - CONTROL NUMBER

  • control field: 2702

003 - CONTROL NUMBER IDENTIFIER

  • control field: IT-RoPau

005 - DATE AND TIME OF LATEST TRANSACTION

  • control field: 20131121110015.0

008 - FIXED-LENGTH DATA ELEMENTS

  • fixed length control field: 131121|| aca||aabn | a|a d

040 ## - CATALOGING SOURCE

  • Original cataloging agency: IT-RoPau
  • Transcribing agency: IT-RoPau

100 ## - HEADING--PERSONAL NAME

  • Personal name: Romano Umberto
  • Dates associated with a name: Codice autore testo SPICS: 11124
  • Relator term: Autore testo
  • Name of part/section of a work: L'operatore

670 ## - SOURCE DATA FOUND

  • Source citation: Work cat.: (IT-RoPau)100164: Airoldi Luca 2691, Informazione televisiva (L')
CREDITS: SOCIETA' SAN PAOLO Via A.Severo, 58 - ROMA (RM) & PERIODICI SAN PAOLO SRL Via Giotto, 36 MILANO & CISF Via Giotto, 36 MILANO & EDIZIONI SAN PAOLO SRL,  Piazza Soncino, 5 CINISELLO BALSAMO (MI) -- ITALY